The lotus and the robot
Na minha lista:
| Autor principal: | |
|---|---|
| Formato: | Livro |
| Idioma: | Undetermined |
| Publicado em: |
London, Eng.
Hutchinson
1966
|
| Assuntos: | |
| Tags: |
Adicionar Tag
Sem tags, seja o primeiro a adicionar uma tag!
|
| Thư viện lưu trữ: | Trung tâm Học liệu Trường Đại học Cần Thơ |
|---|
| LEADER | 00503nam a2200193Ia 4500 | ||
|---|---|---|---|
| 001 | CTU_113160 | ||
| 008 | 210402s9999 xx 000 0 und d | ||
| 020 | |c 274500 | ||
| 082 | |a 915.0342 | ||
| 082 | |b K78 | ||
| 100 | |a Koestler, Arthur | ||
| 245 | 4 | |a The lotus and the robot | |
| 245 | 0 | |c Arthur Koestler | |
| 260 | |a London, Eng. | ||
| 260 | |b Hutchinson | ||
| 260 | |c 1966 | ||
| 650 | |a Yoga,Zen buddhism,Civilization | ||
| 904 | |i Minh | ||
| 980 | |a Trung tâm Học liệu Trường Đại học Cần Thơ | ||